000 00605nam a2200205Ia 4500
003 OSt
005 20250426115706.0
008 220927b |||||||| |||| 00| 0 eng d
020 _a9789351775669
040 _aSDCL
_cSDCL
_beng
041 _2eng
_aeng
084 _aT Q7 LR
100 _aChoudhury, Sonya Dutta
_9453463
245 0 _aCareer rules :
_b How to choose right and get the life you want
260 _aNodia :
_bHarper Collins,
_c2017.
300 _axiii,278p.
650 _aReference
942 _cGB
_2CC
_n0
999 _c767354
_d767354